000 00762nam a2200289Ia 4500
001 5271
005 20240113233824.0
007 ta
008 050618s 199 a g b000 u eng u
020 _cHB
040 _aCotton College,Assam
041 _aeng
082 _a597
_bBa 18 Ma
100 _aBal , D.V. .
245 0 _aMarine Fisheries of India /
_cD.V. Bal, K.V. Rao.
_hTextual Documents
250 _a1st rev. ed. /
260 _aNew Delhi :
_bTata Mcgraw-Hill Publishing Company Ltd ,
_cC 1990.
300 _axii, 472p. :
_bill ;
_c24cm .
504 _aIndex
653 _aZoology
653 _aFish culture-India
653 _aPG-Zoology
700 _aRao, K.V. .
942 _2ddc
_cBK
999 _c5258
_d5258